[Event "Frisco Masters op"]
[Site "San Francisco USA"]
[Date "2000.04.03"]
[Round "6"]
[White "Ishkhamov, Tigran"]
[Black "Ivanov, Igor V"]
[Result "0-1"]
[WhiteElo "2284"]
[BlackElo "2489"]
[PlyCount "66"]
[GameId "2129405156655778"]
[EventDate "2000.03.31"]
[EventType "swiss"]
[EventRounds "7"]
[EventCountry "USA"]
[SourceTitle "EXT 2001"]
[Source "ChessBase"]
[SourceDate "2000.11.22"]
[SourceVersion "1"]
[SourceVersionDate "2000.11.22"]
[SourceQuality "1"]

1. e4 c5 2. Nf3 d6 3. d4 cxd4 4. Nxd4 g6 5. Be2 Bg7 6. Nc3 Nc6 7. Nb3 a6 8. a4 Nf6 9. O-O O-O 10. Bg5 Be6 11. Kh1 Rc8 12. f4 Na5 13. Nxa5 Qxa5 14. Bd3 Rc5 15. Rb1 Rxg5 16. fxg5 Qxg5 17. Qc1 Qc5 18. Be2 Nd7 19. Nd5 Bxd5 20. exd5 Nb6 21. Bf3 Nxa4 22. c3 b5 23. Re1 Bf6 24. Qd2 Kg7 25. Qd3 Rb8 26. Re2 a5 27. Ra1 Nxb2 28. Rxb2 Qxc3 29. Qxc3 Bxc3 30. Rbb1 Bxa1 31. Rxa1 b4 32. Kg1 b3 33. Be2 Rb4 0-1

[Event "American op"]
[Site "Los Angeles USA"]
[Date "1999.??.??"]
[Round "?"]
[White "Gufeld, Eduard"]
[Black "Ivanov, Igor V"]
[Result "1-0"]
[WhiteElo "2520"]
[BlackElo "2400"]
[PlyCount "113"]
[GameId "2129405163394258"]
[EventDate "1999.??.??"]
[EventType "swiss"]
[EventCountry "USA"]

1. e4 e5 2. Nf3 Nc6 3. Bb5 a6 4. Ba4 Nf6 5. O-O Be7 6. Re1 b5 7. Bb3 O-O 8. c3 d6 9. h3 Re8 10. d4 Bb7 11. Ng5 Rf8 12. Nf3 Re8 13. Nbd2 Bf8 14. a3 Nb8 15. dxe5 dxe5 16. Ng5 Re7 17. Nxf7 Rxf7 18. Nf3 Qxd1 19. Rxd1 c5 20. Be6 Nc6 21. Ng5 Nd8 22. Rxd8 Rxd8 23. Bxf7+ Kh8 24. Bb3 Rb8 25. Nf7+ Kg8 26. Nh6+ Kh8 27. Nf7+ Kg8 28. Nd6+ c4 29. Nxb7 cxb3 30. Na5 Bc5 31. Nxb3 Bb6 32. Be3 Bxe3 33. fxe3 Nxe4 34. Rd1 h5 35. Rd5 Re8 36. Kf1 Re6 37. Nd2 Nf6 38. Rd8+ Kh7 39. e4 g5 40. Ke2 g4 41. h4 Kg6 42. Ke3 Kf7 43. Nf1 a5 44. Rb8 b4 45. axb4 axb4 46. Rxb4 Ra6 47. Ng3 Ra1 48. Nf5 Re1+ 49. Kf2 Rc1 50. Ne3 Nd7 51. Rc4 Rb1 52. b4 Rb2+ 53. Kg3 Nf8 54. Rc7+ Ke6 55. Rc6+ Kd7 56. Rh6 Rb3 57. Nd5 1-0

[Event "American op"]
[Site "Los Angeles USA"]
[Date "1999.??.??"]
[Round "?"]
[White "Ivanov, Igor V"]
[Black "Andrianov, Nikolai"]
[Result "1-0"]
[WhiteElo "2400"]
[BlackElo "2520"]
[PlyCount "67"]
[GameId "2129405163394263"]
[EventDate "1999.??.??"]
[EventType "swiss"]
[EventCountry "USA"]

1. c4 Nf6 2. Nf3 c5 3. Nc3 e6 4. e3 Nc6 5. d4 d5 6. cxd5 exd5 7. Bb5 Bd6 8. O-O O-O 9. h3 Re8 10. b3 cxd4 11. Nxd4 Bd7 12. Nf3 a6 13. Bxc6 bxc6 14. Bb2 Qc8 15. Ne2 Bxh3 16. Bxf6 gxf6 17. gxh3 Qxh3 18. Ng3 Rxe3 19. Re1 Re6 20. Rc1 Kh8 21. Rxe6 fxe6 22. Qf1 Qg4 23. Nh2 Qg6 24. Qh3 Rg8 25. Rxc6 Be5 26. Rxe6 Bd4 27. Nhf1 Qc2 28. Ne3 Qxa2 29. Kg2 Qxb3 30. Re7 Rg7 31. Re8+ Rg8 32. Qe6 Rxe8 33. Qxe8+ Kg7 34. Nef5# 1-0

[Event "American op"]
[Site "Los Angeles USA"]
[Date "1999.??.??"]
[Round "?"]
[White "Ivanov, Igor V"]
[Black "Ziatdinov, Rashid"]
[Result "0-1"]
[WhiteElo "2350"]
[BlackElo "2540"]
[PlyCount "90"]
[GameId "2129405163394264"]
[EventDate "1999.??.??"]
[EventType "swiss"]
[EventCountry "USA"]

1. Nf3 d5 2. g3 Nf6 3. Bg2 e6 4. O-O Be7 5. b3 a5 6. c4 a4 7. Ba3 O-O 8. Qc1 b6 9. Bxe7 Qxe7 10. Nc3 axb3 11. axb3 Rxa1 12. Qxa1 Nc6 13. cxd5 exd5 14. e3 Bb7 15. Rc1 Ra8 16. Qb1 Nb4 17. d4 Ne4 18. Na4 Re8 19. Bf1 Qf6 20. Be2 Re7 21. Qa1 g5 22. Nc3 Nxf2 23. Kxf2 g4 24. Nd1 gxf3 25. Bf1 Nc6 26. b4 Nxb4 27. Qa7 c5 28. dxc5 d4 29. Qb8+ Kg7 30. Qd6 Na2 31. Rc4 Nc3 32. Nxc3 dxe3+ 33. Ke1 f2+ 34. Kd1 e2+ 35. Nxe2 Qa1+ 36. Kd2 Qe1+ 37. Kd3 Rd7 38. Qxd7 Qd1+ 39. Ke3 Qxd7 40. Kxf2 b5 41. Rc1 b4 42. Bg2 Bxg2 43. Kxg2 Qd2 44. Kf2 b3 45. c6 Qxc1 0-1

[Event "New York op"]
[Site "New York USA"]
[Date "1995.??.??"]
[Round "?"]
[White "Ivanov, Igor V"]
[Black "Holmquist, Gary"]
[Result "1-0"]
[WhiteElo "2475"]
[BlackElo "2275"]
[PlyCount "73"]
[GameId "2129405186671214"]
[EventDate "1995.??.??"]
[EventType "swiss"]
[EventRounds "9"]
[EventCountry "USA"]
[SourceTitle "EXT 2002"]
[Source "ChessBase"]
[SourceDate "2001.11.25"]
[SourceVersion "1"]
[SourceVersionDate "2001.11.25"]
[SourceQuality "1"]

1. d4 d5 2. c4 c6 3. Nf3 Nf6 4. Nbd2 Bf5 5. g3 e6 6. Nh4 Bg4 7. Qb3 Qc7 8. h3 Bh5 9. Ndf3 dxc4 10. Qxc4 Nbd7 11. Bg2 Nb6 12. Qc2 Bb4+ 13. Kf1 Bg6 14. Nxg6 hxg6 15. e4 Nbd7 16. Bf4 Qa5 17. g4 c5 18. d5 exd5 19. exd5 O-O 20. Ng5 c4 21. Qxc4 Rac8 22. Qb3 Nc5 23. Qf3 Qa6+ 24. Kg1 Rcd8 25. d6 Qa5 26. a3 Bd2 27. Rd1 Bxf4 28. Qxf4 Rfe8 29. Bd5 Ne6 30. Bxe6 fxe6 31. h4 Qc5 32. Rh3 e5 33. Qa4 Rxd6 34. Qb3+ Rd5 35. Rhd3 Red8 36. Rxd5 Rxd5 37. Ne4 1-0

[Event "New York op"]
[Site "New York USA"]
[Date "1995.??.??"]
[Round "?"]
[White "Ivanov, Igor V"]
[Black "Sammour Hasbun (Joshi), Jorge"]
[Result "1-0"]
[WhiteElo "2475"]
[BlackElo "2375"]
[PlyCount "35"]
[GameId "2129405186671216"]
[EventDate "1995.??.??"]
[EventType "swiss"]
[EventRounds "9"]
[EventCountry "USA"]
[SourceTitle "EXT 2002"]
[Source "ChessBase"]
[SourceDate "2001.11.25"]
[SourceVersion "1"]
[SourceVersionDate "2001.11.25"]
[SourceQuality "1"]

1. c4 f5 2. Nf3 Nf6 3. g3 g6 4. Bg2 Bg7 5. O-O O-O 6. Nc3 d6 7. d4 Qe8 8. d5 Na6 9. Be3 Bd7 10. Qd2 c6 11. Bh6 Nc7 12. Bxg7 Kxg7 13. Rfe1 h6 14. e4 fxe4 15. Nxe4 cxd5 16. Nxd6 Qd8 17. Nxb7 Qe8 18. Qa5 1-0

[Event "Troll Masters"]
[Site "Gausdal NOR"]
[Date "1993.??.??"]
[Round "7"]
[White "Djurhuus, Rune"]
[Black "Ivanov, Igor V"]
[Result "1-0"]
[WhiteElo "2485"]
[BlackElo "2530"]
[PlyCount "89"]
[GameId "2129405192731788"]
[EventDate "1993.01.??"]
[EventType "swiss"]
[EventRounds "9"]
[EventCountry "NOR"]
[SourceTitle "TD 93\03"]

1. d4 Nf6 2. c4 e6 3. Nc3 Bb4 4. e3 b6 5. Nge2 c5 6. a3 Ba5 7. Nf4 Bxc3+ 8. bxc3 Nc6 9. Bd3 d6 10. O-O O-O 11. Ra2 Re8 12. Nh5 e5 13. Nxf6+ Qxf6 14. Be4 Bb7 15. dxc5 dxc5 16. Bd5 Rad8 17. Rd2 Na5 18. e4 Ba6 19. Qa4 h6 20. Rfd1 Bc8 21. h3 Be6 22. Rd3 Kh7 23. Be3 Rc8 24. Bxc5 Nxc4 25. Bxc4 Bxc4 26. Rf3 b5 27. Qxa7 Qc6 28. Bb4 Qxe4 29. Re3 Qc2 30. Qd7 Rcd8 31. Qxd8 Rxd8 32. Rxd8 Qc1+ 33. Kh2 f5 34. Rd7 Kg8 35. Rd8+ Kh7 36. Rd7 Kg8 37. Rd8+ Kf7 38. Rf8+ Ke6 39. Re8+ Kf6 40. R8xe5 Qc2 41. Be7+ Kf7 42. Bc5 g5 43. Re7+ Kg6 44. Rb7 f4 45. Re5 1-0

[Event "USA-op"]
[Site "Philadelphia USA"]
[Date "1993.??.??"]
[Round "?"]
[White "Ivanov, Igor V"]
[Black "Martinovsky, Eugene"]
[Result "1-0"]
[WhiteElo "2585"]
[BlackElo "2345"]
[PlyCount "97"]
[GameId "2129405195549035"]
[EventDate "1993.??.??"]
[EventType "swiss"]
[EventRounds "12"]
[EventCountry "USA"]

1. d4 Nf6 2. c4 e6 3. Nf3 d5 4. Nc3 Be7 5. Bg5 h6 6. Bh4 O-O 7. e3 Ne4 8. Bxe7 Qxe7 9. cxd5 Nxc3 10. bxc3 exd5 11. Qb3 c6 12. Bd3 Nd7 13. O-O b6 14. a4 Rb8 15. Rfe1 Qd6 16. c4 dxc4 17. Bxc4 c5 18. d5 Ne5 19. Nxe5 Qxe5 20. Rad1 a6 21. d6 b5 22. f4 Qf6 23. axb5 axb5 24. Rd2 Bf5 25. Bf1 Rfd8 26. e4 Be6 27. Qe3 c4 28. Rf2 Bd7 29. e5 Qg6 30. h3 h5 31. Rf3 Re8 32. Rg3 Qh6 33. Qf3 Bf5 34. Rg5 g6 35. g4 f6 36. gxf5 fxg5 37. f6 gxf4 38. Qd5+ Kh8 39. e6 f3 40. d7 f2+ 41. Kxf2 Qf4+ 42. Kg2 Qxf6 43. e7 Kg7 44. Re6 Qh4 45. Qe5+ Kh7 46. Qxb8 Rxb8 47. e8=Q Qg5+ 48. Kh1 Qd5+ 49. Bg2 1-0

[Event "New York op"]
[Site "New York USA"]
[Date "1992.??.??"]
[Round "?"]
[White "Ivanov, Igor V"]
[Black "Wojtkiewicz, Aleksander"]
[Result "0-1"]
[WhiteElo "2510"]
[BlackElo "2495"]
[PlyCount "69"]
[GameId "2129405196467674"]
[EventDate "1992.04.15"]
[EventType "swiss"]
[EventRounds "9"]
[EventCountry "USA"]

1. e4 c5 2. Nf3 d6 3. d4 cxd4 4. Nxd4 Nf6 5. Nc3 a6 6. g3 e6 7. Bg2 Be7 8. O-O Bd7 9. a4 Nc6 10. Be3 O-O 11. h3 Qc7 12. Qe2 Nxd4 13. Bxd4 Bc6 14. Rfd1 b6 15. Ra3 Bb7 16. Na2 Nd7 17. Rc3 Qb8 18. Re3 Rc8 19. b3 Qc7 20. c4 Re8 21. Qb2 Bf8 22. Re2 Nc5 23. Qa3 Rac8 24. h4 Nd7 25. Ree1 Ne5 26. Qb2 Nc6 27. Be3 Ne5 28. f4 Nd7 29. Qc2 Nf6 30. Bf3 d5 31. e5 Nd7 32. Qg2 Ba8 33. cxd5 exd5 34. Bd2 Qc3 35. Rb1 0-1

[Event "USA-op"]
[Site "Dearborn USA"]
[Date "1992.??.??"]
[Round "4"]
[White "Bisguier, Arthur"]
[Black "Ivanov, Igor V"]
[Result "0-1"]
[WhiteElo "2400"]
[BlackElo "2510"]
[PlyCount "70"]
[GameId "2129405198963009"]
[EventDate "1992.??.??"]
[EventType "swiss"]
[EventRounds "12"]
[EventCountry "USA"]

1. c4 g6 2. Nc3 Bg7 3. Nf3 c5 4. e3 Nf6 5. d4 O-O 6. Be2 cxd4 7. Nxd4 Nc6 8. Nc2 d6 9. O-O Bf5 10. f3 Bxc2 11. Qxc2 Rc8 12. Rd1 Nd7 13. Bd2 Nb4 14. Qa4 a5 15. a3 Nc5 16. Qb5 Nc6 17. Nd5 Ra8 18. Rab1 e6 19. b4 axb4 20. axb4 Na7 21. Qb6 Na4 22. Qxd8 Rfxd8 23. Nf4 Nc6 24. Rdc1 Ne5 25. Nd3 Nxd3 26. Bxd3 d5 27. c5 Nb2 28. Bb5 Nc4 29. Bxc4 dxc4 30. Be1 c3 31. b5 Ra2 32. c6 c2 33. Rb4 Rd1 34. cxb7 Rxc1 35. b8=Q+ Bf8 0-1

[Event "USA-op"]
[Site "Dearborn USA"]
[Date "1992.??.??"]
[Round "5"]
[White "Ivanov, Igor V"]
[Black "Minev, Nikolay"]
[Result "1-0"]
[WhiteElo "2510"]
[BlackElo "2375"]
[PlyCount "87"]
[GameId "2129405198963052"]
[EventDate "1992.??.??"]
[EventType "swiss"]
[EventRounds "12"]
[EventCountry "USA"]

1. d4 Nf6 2. c4 e6 3. Nf3 d5 4. Nc3 c6 5. cxd5 exd5 6. Bg5 Be7 7. Qc2 Nbd7 8. e3 Nh5 9. h4 Ndf6 10. Ne5 g6 11. O-O-O Ng4 12. Bxe7 Qxe7 13. Nxg4 Bxg4 14. Re1 O-O-O 15. Bd3 Be6 16. Na4 Kb8 17. Qc5 Qxc5+ 18. Nxc5 Bc8 19. Be2 Nf6 20. f3 h5 21. Kd2 Bf5 22. b4 Nd7 23. Rc1 Nxc5 24. Rxc5 Bd7 25. Rhc1 f6 26. a4 g5 27. hxg5 fxg5 28. b5 h4 29. bxc6 Bxc6 30. Bb5 Bxb5 31. Rxb5 h3 32. gxh3 Rxh3 33. Rcc5 Rxf3 34. Rxd5 Rxd5 35. Rxd5 g4 36. Rg5 g3 37. Kd3 Kc7 38. a5 Rf2 39. Rxg3 Rf5 40. Rg7+ Kc6 41. a6 bxa6 42. e4 Ra5 43. Rg6+ Kd7 44. e5 1-0

[Event "Northern California Masters"]
[Site "Berkeley USA"]
[Date "1990.??.??"]
[Round "5"]
[White "Ivanov, Igor V"]
[Black "Hjorth, Gregory"]
[Result "1-0"]
[WhiteElo "2495"]
[BlackElo "2390"]
[PlyCount "73"]
[GameId "2129405203221823"]
[EventDate "1990.??.??"]
[EventType "swiss"]
[EventRounds "5"]
[EventCountry "USA"]
[SourceTitle "EXT 2000"]
[Source "ChessBase"]
[SourceDate "1999.11.18"]
[SourceVersion "1"]
[SourceVersionDate "1999.11.18"]
[SourceQuality "1"]

1. d4 e6 2. Nf3 f5 3. g3 Nf6 4. Bg2 Be7 5. O-O O-O 6. c4 d5 7. Nbd2 Nc6 8. a3 a5 9. Qc2 Bd7 10. b3 Ne4 11. Bb2 Be8 12. Rad1 Qb8 13. Ne1 Qa7 14. Ndf3 Qa6 15. Nd3 Bd6 16. Nfe5 Ne7 17. f3 Nf6 18. Nf4 Bf7 19. e4 c6 20. Rfe1 fxe4 21. fxe4 Bxe5 22. dxe5 Nxe4 23. Bxe4 dxe4 24. Qxe4 Rad8 25. Bd4 b6 26. Bf2 c5 27. a4 Qc8 28. Rd6 g5 29. Nh3 h6 30. g4 Qc7 31. Bg3 Nc8 32. Rf1 Kg7 33. Rf6 Qe7 34. Nxg5 hxg5 35. Qe3 Bg6 36. Qxg5 Rxf6 37. exf6+ 1-0

[Event "World op"]
[Site "Philadelphia USA"]
[Date "1990.??.??"]
[Round "5"]
[White "Ivanov, Igor V"]
[Black "Meyer, Claus Dieter"]
[Result "1-0"]
[WhiteElo "2495"]
[BlackElo "2335"]
[PlyCount "95"]
[GameId "2129405203856858"]
[EventDate "1990.??.??"]
[EventType "swiss"]
[EventRounds "9"]
[EventCountry "USA"]
[SourceTitle "EXT 90op"]

1. e4 c5 2. Nf3 e6 3. Nc3 a6 4. g3 b5 5. d4 Bb7 6. d5 Nf6 7. Bg5 h6 8. Bxf6 Qxf6 9. Bg2 d6 10. dxe6 fxe6 11. e5 dxe5 12. O-O Be7 13. Qe2 O-O 14. Nxe5 Bxg2 15. Kxg2 Bd6 16. Rae1 Qf5 17. Ng4 Kf7 18. f4 Ra7 19. Ne3 Qg6 20. f5 exf5 21. Nxf5 Kg8 22. Qe6+ Qxe6 23. Rxe6 Raf7 24. Nxh6+ gxh6 25. Rxf7 Rxf7 26. Rxd6 Rd7 27. Rxd7 Nxd7 28. Kf3 Kf7 29. Ke4 Ke6 30. Nd5 Kd6 31. b3 Ne5 32. h3 a5 33. Nc3 b4 34. Nd5 Ke6 35. Nc7+ Kd6 36. Ne8+ Ke6 37. Ng7+ Kf6 38. Nf5 Nf7 39. h4 h5 40. Ne3 Ke6 41. Nc4 Nh6 42. Nxa5 Nf5 43. Kf4 Nd4 44. Kg5 Nxc2 45. Kxh5 Kf7 46. Nb7 Nd4 47. Nxc5 Ne2 48. Nd3 1-0

[Event "New York op"]
[Site "New York USA"]
[Date "1988.??.??"]
[Round "?"]
[White "Dlugy, Maxim"]
[Black "Ivanov, Igor V"]
[Result "0-1"]
[WhiteElo "2550"]
[BlackElo "2505"]
[PlyCount "98"]
[GameId "2129405206169215"]
[EventDate "1988.03.??"]
[EventType "swiss"]
[EventRounds "9"]
[EventCountry "USA"]
[SourceTitle "CBM 08"]

1. d4 g6 2. c4 Bg7 3. Nc3 c5 4. d5 Bxc3+ 5. bxc3 f5 6. g4 fxg4 7. h3 g3 8. fxg3 Nf6 9. Qd3 d6 10. e4 Qa5 11. Bd2 Nbd7 12. Nf3 b6 13. Rh2 Qa4 14. Re2 Ba6 15. Re3 Ne5 16. Nxe5 dxe5 17. Qe2 O-O-O 18. Qd1 Qxd1+ 19. Kxd1 Ne8 20. Kc2 Nd6 21. Kb3 Rdf8 22. Bd3 Nb7 23. Kc2 Na5 24. Ree1 Rf3 25. Rf1 Rxg3 26. Rf7 Kd7 27. h4 h6 28. Raf1 Bxc4 29. R1f3 Rg4 30. Rg7 Bxd3+ 31. Kxd3 Nb7 32. Bxh6 c4+ 33. Ke3 Rxh6 34. Rff7 Rxe4+ 35. Kxe4 Nd6+ 36. Kxe5 Rh5+ 37. Kf4 Nxf7 38. Rxf7 Rxh4+ 39. Ke5 Rh5+ 40. Kd4 Kd6 41. Kxc4 Rxd5 42. Rf8 Ra5 43. Rg8 g5 44. Rg6+ Kd7 45. Kb4 Ke8 46. a4 Kf7 47. Rh6 g4 48. Rh7+ Kf6 49. Rh6+ Kf5 0-1

[Event "New York op"]
[Site "New York USA"]
[Date "1988.03.??"]
[Round "?"]
[White "Ivanov, Igor V"]
[Black "Gonzales, Jorge A"]
[Result "1-0"]
[WhiteElo "2450"]
[BlackElo "2400"]
[PlyCount "63"]
[GameId "2129405206169295"]
[EventDate "1988.03.??"]
[EventType "swiss"]
[EventRounds "9"]
[EventCountry "USA"]
[SourceTitle "CFC 1988.06"]

1. Nf3 c5 2. c4 g6 3. d4 Bg7 4. e4 cxd4 5. Nxd4 Nc6 6. Be3 Nf6 7. Nc3 Ng4 8. Qxg4 Bxd4 9. Bxd4 Nxd4 10. O-O-O d6 11. Qg3 e5 12. f4 f6 13. c5 Be6 14. Bb5+ Kf8 15. h4 Rg8 16. Rdf1 Kg7 17. h5 g5 18. fxg5 Kh8 19. g6 Rc8 20. Qh4 Rf8 21. Bd3 Rxc5 22. Kb1 Rxc3 23. bxc3 Qa5 24. Rf2 Qxc3 25. Qg3 Rc8 26. Rb2 Bc4 27. g7+ Kg8 28. Bxc4+ Qxc4 29. h6 d5 30. Qe3 Nb5 31. exd5 Kf7 32. Qh3 1-0

[Event "Cardinal op"]
[Site "USA"]
[Date "1986.??.??"]
[Round "?"]
[White "Ivanov, Igor V"]
[Black "Readey, John"]
[Result "0-1"]
[WhiteElo "2547"]
[BlackElo "2358"]
[PlyCount "81"]
[GameId "2129405208747343"]
[EventDate "1986.??.??"]
[EventType "swiss"]
[EventRounds "5"]
[EventCountry "USA"]

1. c4 c5 2. Nf3 Nf6 3. Nc3 Nc6 4. e3 d5 5. cxd5 Nxd5 6. Bb5 e6 7. Ne5 Bd7 8. Bxc6 Bxc6 9. Nxc6 bxc6 10. Qa4 Qb6 11. b3 Nb4 12. O-O Be7 13. Ba3 O-O 14. Bxb4 cxb4 15. Ne2 Rfd8 16. d4 Rd5 17. Rac1 Rc8 18. Rc2 Ra5 19. Qxa5 Qxa5 20. Rfc1 Bd6 21. e4 f6 22. g3 Qa6 23. Rd1 g5 24. Kg2 Qb7 25. f3 Kf7 26. Nc1 Be7 27. Nd3 Rd8 28. Nb2 c5 29. dxc5 Rxd1 30. Nxd1 Qc6 31. Nf2 h5 32. h3 a5 33. g4 h4 34. Nd3 Qd7 35. Nf2 Qc7 36. c6 Qg3+ 37. Kf1 Bd6 38. Ke2 Ke7 39. Rd2 Qe5 40. Rc2 Bc7 41. Kf1 0-1

[Event "New York City"]
[Site "New York USA"]
[Date "1983.??.??"]
[Round "1"]
[White "Ivanov, Igor V"]
[Black "Yoffie, Marc"]
[Result "1-0"]
[WhiteElo "2530"]
[BlackElo "2380"]
[PlyCount "61"]
[GameId "2129405211025786"]
[EventDate "1983.??.??"]
[EventCountry "USA"]

1. Nf3 e6 2. c4 f5 3. g3 Nf6 4. Bg2 Be7 5. d4 O-O 6. O-O d5 7. Nbd2 Nc6 8. b3 Ne4 9. Bb2 Bd7 10. Rc1 Be8 11. a3 a5 12. Ne1 Bg5 13. e3 Bh5 14. Qxh5 Nxd2 15. cxd5 exd5 16. Nf3 g6 17. Qh3 Nxf1 18. Nxg5 Qxg5 19. Bxd5+ Kg7 20. Kxf1 h5 21. Be6 Qe7 22. d5+ Kh7 23. Qh4 Rae8 24. Qf4 g5 25. Qf3 Kg6 26. e4 fxe4 27. Qxe4+ Kh6 28. h4 gxh4 29. gxh4 Nd8 30. Qe3+ Kh7 31. Qe5 1-0

[Event "Los Angeles int."]
[Site "Los Angeles USA"]
[Date "1982.09.09"]
[Round "10"]
[White "McClintock, Doug"]
[Black "Ivanov, Igor V"]
[Result "0-1"]
[WhiteElo "2380"]
[BlackElo "2505"]
[PlyCount "77"]
[GameId "2129405211377465"]
[EventDate "1982.09.09"]
[EventType "tourn"]
[EventRounds "11"]
[EventCountry "USA"]
[EventCategory "4"]
[SourceTitle "EXT 2008"]
[Source "ChessBase"]
[SourceDate "2007.11.25"]
[SourceVersion "1"]
[SourceVersionDate "2007.11.25"]
[SourceQuality "1"]

1. e4 c5 2. Nf3 d6 3. d4 cxd4 4. Nxd4 Nf6 5. Nc3 Nc6 6. Bc4 e6 7. Be3 Bd7 8. Qe2 a6 9. f3 Be7 10. g4 O-O 11. Rg1 d5 12. Bb3 dxe4 13. fxe4 Bb4 14. O-O-O Bxc3 15. bxc3 Qa5 16. Bd2 Qe5 17. Rge1 Nxd4 18. cxd4 Qxd4 19. c3 Qc5 20. g5 Bb5 21. c4 Nd7 22. Kb2 Bc6 23. Be3 Qe7 24. h4 a5 25. Ka1 e5 26. Bc2 a4 27. h5 Nc5 28. Qf2 b6 29. Rb1 Rfb8 30. Bd2 Qe6 31. Qe2 b5 32. Bb4 Nb3+ 33. Bxb3 axb3 34. Rxb3 bxc4 35. Rb2 Ba4 36. Qd2 Bb3 37. a3 Rd8 38. Qf2 c3 39. Rc2 0-1

[Event "UZB Spartakiad"]
[Site "Bukhara URS"]
[Date "1979.??.??"]
[Round "?"]
[White "Ivanov, Igor V"]
[Black "Fokin, Sergey"]
[Result "1-0"]
[WhiteElo "2415"]
[BlackElo "2200"]
[PlyCount "89"]
[GameId "2129405213497597"]
[EventDate "1979.03.26"]
[EventType "tourn"]
[EventRounds "15"]
[EventCountry "URS"]
[SourceTitle "EXT 2011"]
[Source "ChessBase"]
[SourceDate "2011.11.26"]
[SourceVersion "1"]
[SourceVersionDate "2011.11.26"]
[SourceQuality "1"]

1. Nf3 c5 2. c4 Nf6 3. g3 b6 4. Bg2 Bb7 5. O-O e6 6. Nc3 Be7 7. Re1 O-O 8. e4 d6 9. d4 cxd4 10. Nxd4 Qc8 11. b3 a6 12. Bb2 Nbd7 13. Qe2 Re8 14. Rad1 Bf8 15. Rd2 Qc7 16. Nf3 Rad8 17. Red1 h6 18. Rc2 Qb8 19. Rcc1 Rc8 20. Re1 Qa8 21. Nd4 Nc5 22. b4 Ncd7 23. a3 Rc7 24. Nb1 Rcc8 25. Nd2 Qb8 26. N4f3 Qa8 27. Bh3 Nh7 28. Nd4 Rcd8 29. N4b3 Ng5 30. Bg2 Be7 31. f4 Nh7 32. Nf3 Bf6 33. Nbd4 Qb8 34. Rcd1 Rc8 35. e5 dxe5 36. fxe5 Be7 37. Nxe6 fxe6 38. Rxd7 Bc6 39. Rd3 Qb7 40. Bh3 Ng5 41. Nxg5 Bxg5 42. Rd6 Kf7 43. Rf1+ Kg6 44. Bf5+ Kf7 45. Bxe6+ (45. Bxe6+ Kg6 46. Bg8+) 1-0

[Event "URS"]
[Site "Soviet Union"]
[Date "1976.??.??"]
[Round "?"]
[White "Ivanov, Igor V"]
[Black "Timoscenko, Gennadij A"]
[Result "1-0"]
[WhiteElo "2365"]
[BlackElo "2470"]
[PlyCount "115"]
[GameId "1114897928486912"]
[EventDate "1976.??.??"]
[EventType "game"]
[EventRounds "9"]
[EventCountry "URS"]
[SourceTitle "EXT 2010"]
[Source "ChessBase"]
[SourceDate "2009.11.30"]
[SourceVersion "1"]
[SourceVersionDate "2009.11.30"]
[SourceQuality "1"]

1. d4 Nf6 2. c4 c5 3. d5 d6 4. Nc3 g6 5. e4 Bg7 6. Bd3 O-O 7. Nge2 e6 8. O-O exd5 9. exd5 Ne8 10. f4 f5 11. Be3 Nf6 12. h3 Na6 13. Qd2 Nc7 14. Rab1 Bd7 15. a3 Kh8 16. b4 b6 17. Bf2 Re8 18. bxc5 bxc5 19. Rb7 Bc8 20. Rb3 Ba6 21. Rfb1 Ne4 22. Bxe4 fxe4 23. Nb5 Nxb5 24. cxb5 Bb7 25. Ng3 Qf6 26. Re1 c4 27. Rbe3 Qxf4 28. Qc2 Bxd5 29. Nxe4 Bg8 30. Rf3 Qh6 31. Nxd6 Rxe1+ 32. Bxe1 Qg5 33. Bb4 Qd5 34. a4 Rd8 35. Ne4 Re8 36. Nf6 Qd4+ 37. Qf2 Qxf2+ 38. Kxf2 Rc8 39. Bc3 Be6 40. Re3 Bf5 41. Re7 Bc2 42. Rxa7 Rf8 43. Ra6 Bxa4 44. Rxa4 Bxf6 45. Bxf6+ Rxf6+ 46. Ke3 Rb6 47. Rb4 Kg7 48. Kd4 Kf6 49. Kxc4 Ke6 50. Kc5 Rb8 51. b6 Rc8+ 52. Kb5 Rb8 53. Rc4 h5 54. Rc7 Kf5 55. b7 Kf4 56. Kb6 Kg3 57. Rc2 Rf8 58. Ka7 1-0

[Event "URS"]
[Site "Soviet Union"]
[Date "1976.??.??"]
[Round "?"]
[White "Zeitlein, Michael"]
[Black "Ivanov, Igor V"]
[Result "1-0"]
[WhiteElo "2450"]
[BlackElo "2365"]
[PlyCount "77"]
[GameId "1114897928642560"]
[EventDate "1976.??.??"]
[EventType "game"]
[EventRounds "9"]
[EventCountry "URS"]
[SourceTitle "EXT 2010"]
[Source "ChessBase"]
[SourceDate "2009.11.30"]
[SourceVersion "1"]
[SourceVersionDate "2009.11.30"]
[SourceQuality "1"]

1. e4 c6 2. d4 d5 3. Nc3 dxe4 4. Nxe4 Nf6 5. Nxf6+ gxf6 6. c3 Bf5 7. Bd3 Qd5 8. Nf3 Rg8 9. Bf4 Nd7 10. O-O Bg4 11. Be2 O-O-O 12. Bg3 h5 13. c4 Qf5 14. d5 Bxf3 15. Bxf3 h4 16. Bxh4 Ne5 17. Be2 e6 18. Qb1 Qf4 19. Bg3 Rxg3 20. hxg3 Qh6 21. dxe6 Bc5 22. Qf5 fxe6 23. Qxe6+ Kc7 24. Rad1 Rh8 25. Qh3 Qg7 26. Bh5 Qg5 27. g4 f5 28. Qg3 fxg4 29. Bxg4 Rf8 30. b4 Rf4 31. bxc5 Rxg4 32. f4 Qg7 33. Qh2 Nd7 34. f5+ Kc8 35. f6 Nxf6 36. Qh3 Nd7 37. Rxd7 Kxd7 38. Rf4 Qa1+ 39. Kh2 1-0

[Event "URS-ch44 First League"]
[Site "Minsk"]
[Date "1976.??.??"]
[Round "?"]
[White "Alburt, Lev"]
[Black "Ivanov, Igor V"]
[Result "0-1"]
[WhiteElo "2520"]
[BlackElo "2365"]
[PlyCount "178"]
[GameId "1114897962639360"]
[EventDate "1976.10.??"]
[EventType "tourn"]
[EventRounds "17"]
[EventCountry "URS"]
[SourceTitle "EXT 2001"]
[Source "ChessBase"]
[SourceDate "2000.11.22"]
[SourceVersion "1"]
[SourceVersionDate "2000.11.22"]
[SourceQuality "1"]

1. d4 d5 2. c4 e6 3. Nf3 Nf6 4. g3 dxc4 5. Bg2 c5 6. O-O Nc6 7. Qa4 Bd7 8. Qxc4 cxd4 9. Nxd4 Rc8 10. Nc3 Nxd4 11. Qxd4 Bc5 12. Qh4 Bc6 13. Bg5 Qd4 14. e4 Be7 15. Rad1 Qc5 16. Rfe1 Nd7 17. Nd5 Bxg5 18. Qxg5 Kf8 19. b4 h6 20. Qf4 g5 21. Qf3 Qc2 22. Rc1 Qb2 23. Rb1 Qd4 24. Rbd1 Qe5 25. Qa3 Bb5 26. Qa5 Bc4 27. Nf6 Qxf6 28. Rxd7 Qc3 29. Rdd1 b6 30. Qxa7 Qxb4 31. Rb1 Qa5 32. Qb7 Kg7 33. e5 Rc5 34. a4 Bd3 35. Rbd1 Bc2 36. Rc1 Rhc8 37. Qe7 Rxe5 38. Rxe5 Qxe5 39. Qb4 Bd3 40. Rd1 Bc2 41. Rc1 Bd3 42. Rd1 Rc4 43. Qxb6 Rxa4 44. Qb3 Bb5 45. Bf1 Ra5 46. Qb4 Bxf1 47. Kxf1 Rd5 48. Re1 Qf6 49. Kg2 h5 50. Re4 Rd3 51. Re1 Rd4 52. Qb5 Rd5 53. Qe2 h4 54. Qh5 Rd2 55. Rf1 Rd4 56. Rc1 Qf5 57. Re1 e5 58. Rf1 Rc4 59. Re1 Rc2 60. Rf1 Rc6 61. Qe2 h3+ 62. Kg1 Rc2 63. Qh5 Rc3 64. f3 Rc2 65. g4 Qf4 66. Qxh3 Qe3+ 67. Kh1 Qd3 68. Kg1 e4 69. Qg3 Qd4+ 70. Rf2 Rc1+ 71. Kg2 Qa1 72. Qb8 Rb1 73. Qd6 e3 74. Qe7 exf2 75. Qxg5+ Kh7 76. Qh4+ Kg6 77. Qh5+ Kf6 78. Qf5+ Ke7 79. Qc5+ Kd7 80. Qf5+ Kd6 81. Qd3+ Kc7 82. Qc4+ Kb6 83. Kxf2 Rb2+ 84. Kg3 Qe1+ 85. Kh3 Qe5 86. f4 Qh8+ 87. Kg3 Qxh2+ 88. Kf3 Qh1+ 89. Ke3 Qe1+ 0-1